000 00535nja a2200193 a 4500
003 BLK
005 20180414204338.0
008 180414c bul|r|ner|||| 00| c0bul d
010 _aNOT00002547004
040 _aBLK
245 1 0 _aЕтюди
_sОп.276
257 _aBGR
380 _a7
500 _a№3 ; №9 ; №13 ; №6 ; №7
773 _0312286
_9664763
_tХристоматия по задължително пиано
852 _aЦб М ІІ 10425
942 _cNOT
_n0
944 _aCR
_c05.06.2008
_kИрена_Линкова
944 _aED
_c18.06.2008
_k
999 _c312290
_d312290